Prospero's "true preservers" : Peter Brook, Yukio Ninagawa, and Giorgio Strehler--twentieth-century directors approach Shakespeare's The tempest /

Bibliographic Details
Main Author: Horowitz, Arthur, 1945-
Format: Book
Language:English
Published: Newark : Cranbury, NJ : University of Delaware Press ; Associated University Presses, [2004]
Subjects:
Online Access:Table of contents

MARC

Tag First Indicator Second Indicator Subfields
LEADER 00000pam a2200000 a 4500
001 in00001838921
005 20151026075549.0
008 031003s2004 deu b s001 0 eng
010 |a  2003021625 
020 |a 087413854X (alk. paper) 
035 |a (OCoLC)ocm53183453 
040 |a DLC  |c DLC  |d YDX  |d UtOrBLW 
049 |a TXAM 
050 0 0 |a PR2833  |b .H67 2004 
082 0 0 |a 792.9/2  |2 22 
100 1 |a Horowitz, Arthur,  |d 1945- 
245 1 0 |a Prospero's "true preservers" :  |b Peter Brook, Yukio Ninagawa, and Giorgio Strehler--twentieth-century directors approach Shakespeare's The tempest /  |c Arthur Horowitz. 
264 1 |a Newark :  |b University of Delaware Press ;  |a Cranbury, NJ :  |b Associated University Presses,  |c [2004] 
264 4 |c ©2004 
300 |a 227 pages ;  |c 24 cm. 
336 |a text  |b txt  |2 rdacontent 
337 |a unmediated  |b n  |2 rdamedia 
338 |a volume  |b nc  |2 rdacarrier 
504 |a Includes bibliographical references (pages 182-218) and index. 
600 1 0 |a Shakespeare, William,  |d 1564-1616.  |t Tempest. 
600 1 0 |a Shakespeare, William,  |d 1564-1616  |x Stage history  |y 1950- 
600 1 0 |a Shakespeare, William,  |d 1564-1616  |x Dramatic production. 
600 1 0 |a Strehler, Giorgio,  |d 1921-1997. 
600 1 0 |a Ninagawa, Yukio. 
600 1 0 |a Brook, Peter. 
650 0 |a Theater  |x Production and direction  |x History  |y 20th century. 
650 0 |a Tragicomedy. 
856 4 1 |3 Table of contents  |u http://www.loc.gov/catdir/toc/ecip049/2003021625.html  |t 0 
945 |i PromptCat 
948 |a cataloged  |b h  |c 2004/7/28  |d c  |e eneff  |f 2:00:20 pm 
994 |a 92  |b TXA 
999 |a MARS 
999 f f |s 89b681fb-ebfc-3578-8a5c-3c1f5ee5c654  |i d41a8a32-ef0e-3868-b81c-4e4d950774e0  |t 0 
952 f f |p normal  |a Texas A&M University  |b College Station  |c Sterling C. Evans Library  |d Evans: Library Stacks  |t 0  |e PR2833 .H67 2004  |h Library of Congress classification  |i unmediated -- volume  |m A14832088845 
998 f f |a PR2833 .H67 2004  |t 0  |l Evans: Library Stacks